Business intelligence Técnicas herramientas y aplicaciones.

Պահպանված է:
Մատենագիտական մանրամասներ
Հիմնական հեղինակ: Pérez Marqués, María
Ձևաչափ: Անհայտ
Լեզու:անգլերեն
Հրապարակվել է: México D.F., México Alfaomega- RC libros 2015
Հրատարակություն:Primera edición
Խորագրեր:
Ցուցիչներ: Ավելացրեք ցուցիչ
Չկան պիտակներ, Եղեք առաջինը, ով նշում է այս գրառումը!

MARC

LEADER 00000 a2200000 4500
003 CL-VaPUC
005 20201217104904.0
008 201216b ||||| |||| 00| 0 eng d
999 |c 432336  |d 432334 
020 |a 9786076224335 
040 |c Pontificia Universidad Católica de Valparaíso 
082 |a 658.4038011 PER 2015 
100 |a Pérez Marqués, María  |9 858576 
245 |a Business intelligence  |b Técnicas herramientas y aplicaciones.  
250 |a Primera edición  
260 |a México D.F., México   |b Alfaomega-  |b RC libros  |c 2015 
300 |a 432 páginas  
583 |k Hugo Gaete  |c 20201216 
650 |a Inteligencia empresarial   |x Técnicas   |x Aplicaciones   |9 858886 
852 |a BIBCUR 
942 |2 ddc  |c BK 
952 |0 0  |1 0  |2 ddc  |4 0  |6 658_403801100000000_PER_2015  |7 0  |8 A  |9 577181  |a BIBING  |b BIBING  |d 2020-12-15  |e 82  |g 23084.00  |i 5579945  |o 658.4038011 PER 2015  |p 5579945  |r 2025-01-20  |t 2  |v 23084.00  |w 2020-12-15  |y BK  |k CCI 
952 |0 0  |1 0  |2 ddc  |4 0  |6 658_403801100000000_PER_2015  |7 0  |8 A  |9 577182  |a BIBING  |b BIBING  |d 2020-12-15  |e 82  |g 23084.00  |i 5579937  |o 658.4038011 PER 2015  |p 5579937  |r 2025-01-20  |t 1  |v 23084.00  |w 2020-12-15  |y BK  |k CCI